01396cam a2200313 a 4500001000800000005001700008008004100025020001500066035002300081035001700104040001300121042000800134043001200142082002200154100002900176245017400205246004600379260005800425300004100483500002600524500005100550505029400601650003500895700002200930700002400952700003100976700002401007710005101031479444720220326193310.0040609s2003 pn a b 000 0 spa c a9962886600 a(OCoLC)ocm55649151 a(NNC)4794447 aUBYcUBY apcc ancpn--- a700.972.87bP861c aPedro Luis Prados et all00aCien años de arte en Panamá, 1903-2003 /c[editoras, Carmen Alemán y Angela de Picardi ; autores, Pedro Luis Prados ... et al. ; fotografías, Alfredo Máiquez].3 a100 años de arte en Panamá, 1903-2003 a[Panamá] :bMuseo de Arte Contemporáneo,c[2003?] a167 p. :bill. (some col.) ;c29 cm. aIncludes errata slip. aIncludes bibliographical references and index.0 aPintura en Panamá, 1870-1950 / Pedro Luis Prados -- Del cincuentenario a la invasión a la invasión, el arte contemporáneo en Panamá, 1950-1990 / Mónica Kupfer -- Hacia el gran cambio / Adrienne Samos -- Reseñas de una evolución artística / Angela de Picardi ... [et al.]. 0aArt, Panamaniany20th century.1 aAlemán, Carmen.1 aPicardi, Angela de.1 aPrados, Pedro Luis,d1941-1 aMáiquez, Alfredo.2 aMuseo de Arte Contemporáneo (Panama, Panama)